000 00368nam a2200169Ia 4500
001 336
003 NUMERAZIONE-ORIGINALE-BRESCIA
005 20260206230752.0
008 260206s9999 xx 000 0 und d
100 _aSelf Will
245 0 _aDorian
260 _aMilano
260 _bMondadori
260 _c2004
500 _aStrade Blu
942 _2ddc
_cBK
_n0
999 _c24205
_d24205